US States With Highest Percentage Of African-Americans - Statistics

General Stats
  • This quiz has been taken 71 times
  • The average score is 9 of 10
Answer Stats
Rank State Percent % Correct
1 Mississippi 37.3%
98%
6 Alabama 26.3%
97%
3 Georgia 31.4%
97%
2 Louisiana 32.4%
97%
7 North Carolina 21.6%
95%
5 South Carolina 28.4%
95%
10 Tennessee 16.7%
93%
4 Maryland 30.1%
90%
9 Virginia 19.9%
87%
8 Delaware 20.9%
70%
No matching quizzes found
Score Distribution
Percent of People with Each Score
Percentile by Number Answered
Your Score History
You have not taken this quiz